[Event "ROM-ch U08"]
[Site "Calimanesti Caciulata"]
[Date "2019.04.17"]
[Round "3"]
[White "Bortun, Radu Valentin"]
[Black "Dimitriu, Filip"]
[Result "0-1"]
[WhiteElo "1003"]
[BlackElo "1126"]
[PlyCount "44"]
[EventDate "2019.04.15"]
[EventType "swiss"]
[EventRounds "9"]
[EventCountry "ROU"]
[SourceTitle "CBM 190 Extra"]
[Source "ChessBase"]
[SourceDate "2019.07.15"]
[SourceVersion "1"]
[SourceVersionDate "2019.07.15"]
[SourceQuality "1"]

1. d4 Nf6 2. Bg5 g6 3. Bxf6 exf6 4. e3 Bg7 5. c4 d6 6. Nc3 Bd7 7. Bd3 Qe7 8. Qb3 b6 9. Nd5 Qd8 10. Be4 c6 11. Nb4 f5 12. Bf3 a5 13. Nd3 0-0 14. Ne2 g5 15. g3 Ra6 16. a4 Re8 17. Rc1 Qe7 18. c5 bxc5 19. dxc5 d5 20. Qa3 g4 21. Bg2 d4 22. exd4 Qxe2# 0-1

[Event "ROM-ch U08"]
[Site "Calimanesti Caciulata"]
[Date "2019.04.16"]
[Round "2"]
[White "Iorga, Flavius Stefan"]
[Black "Bortun, Radu Valentin"]
[Result "0-1"]
[WhiteElo "1001"]
[BlackElo "1003"]
[PlyCount "68"]
[EventDate "2019.04.15"]
[EventType "swiss"]
[EventRounds "9"]
[EventCountry "ROU"]
[SourceTitle "CBM 190 Extra"]
[Source "ChessBase"]
[SourceDate "2019.07.15"]
[SourceVersion "1"]
[SourceVersionDate "2019.07.15"]
[SourceQuality "1"]

1. e4 d5 2. Nc3 dxe4 3. Nxe4 Bf5 4. Nc3 Nf6 5. Nf3 e6 6. Bc4 Nbd7 7. d3 Bb4 8. Bd2 0-0 9. 0-0 c6 10. a3 Ba5 11. b4 Bb6 12. Ng5 h6 13. Nge4 Bg4 14. Qb1 Qc7 15. Be3 Bxe3 16. fxe3 Bf5 17. Nxf6+ Nxf6 18. e4 Bh7 19. Rf3 Ng4 20. Rh3 Qb6+ 21. Kh1 Nf2+ 22. Kg1 Nxh3+ 23. Kh1 Nf2+ 24. Kg1 Nxd3+ 25. Kh1 Ne5 26. Qa2 Qd4 27. Bxe6 fxe6 28. Qxe6+ Nf7 29. Qb3 Bxe4 30. Rd1 Bxg2+ 31. Kxg2 Qg4+ 32. Kh1 Rad8 33. Rg1 Qf3+ 34. Rg2 Rd2 0-1

[Event "ROM-ch U08"]
[Site "Calimanesti Caciulata"]
[Date "2019.04.15"]
[Round "1"]
[White "Bortun, Radu Valentin"]
[Black "Cristea, George Cristian"]
[Result "1-0"]
[WhiteElo "1003"]
[BlackElo "1001"]
[PlyCount "49"]
[EventDate "2019.04.15"]
[EventType "swiss"]
[EventRounds "9"]
[EventCountry "ROU"]
[SourceTitle "CBM 190 Extra"]
[Source "ChessBase"]
[SourceDate "2019.07.15"]
[SourceVersion "1"]
[SourceVersionDate "2019.07.15"]
[SourceQuality "1"]

1. d4 d5 2. c4 c6 3. cxd5 cxd5 4. Nc3 Nf6 5. Be3 Bf5 6. Qb3 Nc6 7. g3 e6 8. Bg2 Nb4 9. Rc1 Be4 10. Bxe4 dxe4 11. a3 Nc6 12. Qxb7 Rc8 13. Rd1 g6 14. f3 exf3 15. Nxf3 Bg7 16. Ne5 Nxe5 17. dxe5 Qc7 18. Qxc7 Rxc7 19. exf6 Bxf6 20. Rf1 Bxc3+ 21. bxc3 Rxc3 22. Bd4 Rxa3 23. Bxh8 a5 24. Bf6 a4 25. Rd8# 1-0

[Event "ROM-ch U08"]
[Site "Calimanesti"]
[Date "2018.04.02"]
[Round "8"]
[White "Bortun, Radu Valentin"]
[Black "Mihaescu Duta, Tudor Mihai"]
[Result "0-1"]
[WhiteElo "1001"]
[BlackElo "1111"]
[PlyCount "70"]
[EventDate "2018.03.27"]
[EventType "swiss"]
[EventRounds "9"]
[EventCountry "ROU"]
[SourceTitle "CBM 183 Extra"]
[Source "ChessBase"]
[SourceDate "2018.04.19"]
[SourceVersion "1"]
[SourceVersionDate "2018.04.19"]
[SourceQuality "1"]

1. e4 c5 2. Nf3 a6 3. c3 Nf6 4. e5 Nd5 5. Bc4 Nb6 6. Bb3 Nc6 7. d4 cxd4 8. Nxd4 Nxe5 9. Bf4 Nc6 10. Nd2 e5 11. Qh5 Qf6 12. Bg5 Qg6 13. Qxg6 hxg6 14. Nxc6 dxc6 15. 0-0-0 f6 16. Nc4 Nxc4 17. Bxc4 fxg5 18. Rd2 Bf5 19. Rhd1 Rxh2 20. g3 Bc5 21. Re1 e4 22. Rf1 b5 23. Bb3 e3 24. fxe3 Rxd2 25. Kxd2 0-0-0+ 26. Ke1 Bxe3 27. Rh1 Bd2+ 28. Kf2 Re8 29. Bf7 Rf8 30. Bb3 Be4+ 31. Ke2 Bxh1 32. Kxd2 Rf3 33. Bc2 Rxg3 34. Bxg6 Rg2+ 35. Kd3 Rxb2 0-1

[Event "ROM-ch U08"]
[Site "Calimanesti"]
[Date "2018.04.01"]
[Round "7"]
[White "Stoica Visan, Nicolas"]
[Black "Bortun, Radu Valentin"]
[Result "0-1"]
[WhiteElo "1001"]
[BlackElo "1001"]
[PlyCount "82"]
[EventDate "2018.03.27"]
[EventType "swiss"]
[EventRounds "9"]
[EventCountry "ROU"]
[SourceTitle "CBM 183 Extra"]
[Source "ChessBase"]
[SourceDate "2018.04.19"]
[SourceVersion "1"]
[SourceVersionDate "2018.04.19"]
[SourceQuality "1"]

1. e4 c6 2. d4 d5 3. Nd2 Nf6 4. e5 Ne4 5. Nxe4 dxe4 6. Bc4 Bf5 7. Bf4 e6 8. Qd2 Nd7 9. 0-0-0 Qc7 10. f3 Be7 11. Qe3 exf3 12. Nxf3 0-0-0 13. Rhe1 Qa5 14. h3 Qa4 15. Bd3 Bxd3 16. Rxd3 Qxa2 17. Kd2 Bb4+ 18. c3 Qxb2+ 19. Kd1 Ba3 20. Re2 Qa1+ 21. Kd2 Bc1+ 22. Kc2 Bxe3 23. Rdxe3 Nb6 24. d5 Nxd5 25. Re4 Nxc3 26. Rd4 Nxe2 27. Re4 Nxf4 28. Rxf4 Qd1+ 29. Kc3 Qd3+ 30. Kb4 Qf1 31. Rxf7 Qxg2 32. h4 Rd7 33. Rf4 Rhd8 34. Ka5 Rd5+ 35. Kb4 Qb2+ 36. Kc4 Qc1+ 37. Kb3 Qb1+ 38. Kc3 Rd3+ 39. Kc4 Qc2+ 40. Kb4 Rb3+ 41. Ka4 Qa2# 0-1

[Event "ROM-ch U08"]
[Site "Calimanesti"]
[Date "2018.03.30"]
[Round "5"]
[White "Bortun, Radu Valentin"]
[Black "Matei Catruna, Andrei"]
[Result "0-1"]
[WhiteElo "1001"]
[BlackElo "1002"]
[PlyCount "118"]
[EventDate "2018.03.27"]
[EventType "swiss"]
[EventRounds "9"]
[EventCountry "ROU"]
[SourceTitle "CBM 183 Extra"]
[Source "ChessBase"]
[SourceDate "2018.04.19"]
[SourceVersion "1"]
[SourceVersionDate "2018.04.19"]
[SourceQuality "1"]

1. e4 e5 2. Nf3 Nc6 3. Bc4 Bc5 4. d3 Nf6 5. Be3 d6 6. h3 Be6 7. Bb3 0-0 8. 0-0 Re8 9. Nc3 Qd7 10. Nh2 Rad8 11. Qf3 Bxe3 12. Qxe3 Nd4 13. Ba4 Qc8 14. Bxe8 Nxc2 15. Qd2 Nxa1 16. Rxa1 Rxe8 17. Rf1 Qd7 18. Re1 Qc6 19. Re3 h6 20. Rg3 Kh7 21. Ng4 Nxg4 22. hxg4 Qd7 23. g5 h5 24. Nd5 Bxd5 25. exd5 g6 26. Rf3 Rf8 27. d4 Qe7 28. Re3 Qxg5 29. dxe5 dxe5 30. Qa5 Qd8 31. Rh3 b6 32. Qd2 c6 33. Qe2 Qxd5 34. g3 Rd8 35. g4 Qd1+ 36. Qxd1 Rxd1+ 37. Kg2 Rc1 38. gxh5 gxh5 39. Rxh5+ Kg6 40. Rxe5 Rb1 41. b3 Ra1 42. a4 Rb1 43. Re7 Rxb3 44. Rxa7 Ra3 45. Rb7 Rxa4 46. Rxb6 Rc4 47. Kf1 Kf6 48. f3 Ke5 49. Rb7 f5 50. Re7+ Kf6 51. Re8 Rc2 52. Rf8+ Ke5 53. Rh8 Kf4 54. Rh4+ Kg3 55. Rh1 Kxf3 56. Rh3+ Kg4 57. Rh8 f4 58. Rg8+ Kf3 59. Kg1 c5 0-1